Sfidat dhe Ndikimi i Papunsise ne Raport me Rritjen e Popullsise (Record no. 45923)
[ view plain ]
| 000 -LEADER | |
|---|---|
| fixed length control field | 00307nam a22001217a 4500 |
| 008 - FIXED-LENGTH DATA ELEMENTS--GENERAL INFORMATION | |
| fixed length control field | 180517b xxu||||| |||| 00| 0 eng d |
| 041 ## - LANGUAGE CODE | |
| Language code of text/sound track or separate title | eng |
| 080 ## - UNIVERSAL DECIMAL CLASSIFICATION NUMBER | |
| Universal Decimal Classification number | 043.3 |
| 100 ## - Rafti | |
| Rafti | 0 |
| 101 ## - Shkurtesa | |
| Shkurtesa | MBE-BA |
| 245 ## - TITLE STATEMENT | |
| Title | Sfidat dhe Ndikimi i Papunsise ne Raport me Rritjen e Popullsise |
| Statement of responsibility, etc | Sadriu, F |
| 942 ## - ADDED ENTRY ELEMENTS (KOHA) | |
| Source of classification or shelving scheme | |
| Item type | Books |
| Withdrawn status | Lost status | Source of classification or shelving scheme | Damaged status | Not for loan | Collection code | Permanent location | Current location | Shelving location | Date acquired | Total Checkouts | Full call number | Barcode | Date last seen | Price effective from | Koha item type |
|---|---|---|---|---|---|---|---|---|---|---|---|---|---|---|---|
| Koleksioni i përgjithshem | UBT - Lipjan | UBT - Lipjan | Disertacionet | 05/17/2018 | 043.3 Sadriu, F 2012 | 002-3004668 | 05/17/2018 | 05/17/2018 | Books | ||||||
| Koleksioni i përgjithshem | UBT - Lipjan | UBT - Lipjan | Disertacionet | 05/17/2018 | 043.3 Sadriu, F 2012 | 002-3004667 | 05/17/2018 | 05/17/2018 | Books | ||||||
| Koleksioni i përgjithshem | UBT - Lipjan | UBT - Lipjan | Disertacionet | 05/17/2018 | 043.3 Sadriu, F 2012 | 002-3004669 | 05/17/2018 | 05/17/2018 | Books | ||||||
| Koleksioni i përgjithshem | UBT - Lipjan | UBT - Lipjan | Disertacionet | 05/17/2018 | 043.3 Sadriu, F 2012 | 002-3004663 | 05/17/2018 | 05/17/2018 | Books |